00805nam a2200241 a 4500008004100000020003300041040002500074041000800099044001100107080001700118100002300135245008500158250001300243260008200256300002000338500003200358500002100390700002200411924001100433958000600444999001700450952009600467960514s1986||||[C 0 slo c c25 Kčs. q(10 000 výtl.) aSNKbslocSNKeAACR21 aslo axocSK a787.61.087.51 aZsapka, Jozef4aut10aGitarové akordy a značky pre samoukovhHudobninacJozef Zsapka ; Peter Danay a1., vyd. aBratislavabOpus [vyd.]c1986ePartizánskefZápadoslovenské tlačiarne a43 s.c21x30 cm aHudobnina. Úvod. Vysvetl. aOb. Peter Danay.1 aDanay, Peter4oth agitara aH c15221d15221 001040708Ka10000b10000d2019-11-29g25.00i14257oI 0317r2019-11-29w2019-11-29yOLDO